000
00255nam a22000977a 4500
008
260413b |||||||| |||| 00| 0 eng d
020
_a
9789352755950
100
_a
Pilkey Dav
_9
7862
245
_a
Dog Man Lord of the Fleas-5
260
_a
India
_b
Scholastic
_c
2024
999
_c
12863
_d
12863